| 000 | 00348 a2200109 4500 | ||
|---|---|---|---|
| 001 | ART_12336 | ||
| 005 | 20260410161905.0 | ||
| 008 | 260409a | ||
| 245 | 1 | 0 | _aA stationary point for the stochastic frontier likelihood |
| 100 | 1 | _aWaldman, Donald M. | |
| 773 | 0 |
_tJournal of econometrics _g- Vol. 18, NÂș 2 (feb. 1982) _wREV11720 |
|
| 999 |
_c26284 _d26284 |
||